000 00682nam a2200217Ia 4500
003 OSt
005 20220925210401.0
006 a|||||r|||| 00| 0
007 ta
008 220923b |||||||| |||| 00| 0 eng d
037 _cGeneral Book
040 _aRTL
_cRTL
_beng
041 _2eng
_aeng
082 _aY:5.2sN71, L4
100 _aCENSUS OF India, 1971
245 0 _aMiscellaneous studies Monograph no 2 socio econmic profile of dadra and nagar haveli
260 _aIndia
_bGovt. press
_c1971
490 _aSocio-Economic profile of Dadra and Nagar Haveli
942 _hY:5.2sN71, L4
_cGB
_2CC
999 _c554927
_d554927